Top 10 Biggest Countries in Every Continent Challenge! - Statistics

General Stats
  • This quiz has been taken 182 times
  • The average score is 48 of 60
Answer Stats
Hint Answer % Correct
#2 Argentina
97%
South America #1 Brazil
97%
#2 United States
97%
North America #1 Canada
95%
#7 Chile
95%
Europe #1 Russia
95%
Asia #1 Russia
95%
Oceania #1 Australia
93%
#3 Mexico
92%
#3 Peru
92%
#6 Venezuela
92%
#5 Bolivia
90%
#4 Colombia
90%
#8 Paraguay
90%
#2 China
89%
#7 Germany
89%
#3 New Zealand
89%
#3 France
88%
#9 Ecuador
86%
#3 India
86%
#6 Cuba
85%
#2 Ukraine
85%
#4 Spain
84%
#5 Sweden
84%
#9 Poland
82%
#10 Guyana
80%
#6 Norway
80%
Africa #1 Algeria
79%
#7 Guatemala
79%
#8 Panama
79%
#5 Honduras
78%
#7 Mongolia
78%
#2 Papua New Guinea
78%
#5 Saudi Arabia
78%
#2 Democratic Republic of the Congo
77%
#5 Fiji
77%
#10 Italy
77%
#4 Solomon Islands
77%
#8 Finland
76%
#6 Iran
76%
#4 Nicaragua
76%
#9 South Africa
75%
#8 Indonesia
74%
#9 Pakistan
74%
#9 Costa Rica
73%
#4 Kazakhstan
73%
#3 Sudan
72%
#4 Libya
70%
#8 Kiribati
69%
#7 Samoa
69%
#10 Turkey
69%
#6 Vanuatu
69%
#10 Dominican Republic
68%
#6 Niger
68%
#9 Tonga
68%
#5 Chad
67%
#10 Federated States of Micronesia
64%
#8 Mali
64%
#7 Angola
58%
#10 Ethiopia
58%
No matching quizzes found
Score Distribution
Percent of People with Each Score
Percentile by Number Answered
Your Score History
You have not taken this quiz